Price/wage staggering and persistence

Guardado en:
Detalles Bibliográficos
Autor principal: Ascari, Guido
Otros Autores: Garcia, Juan Angel
Formato: Libro
Lenguaje:inglés
Publicado: San Domenico (FI) European University Institute 1999
Colección:EUI Working paper ECO No. 99/6
Materias:
Etiquetas: Agregar Etiqueta
Sin Etiquetas, Sea el primero en etiquetar este registro!

MARC

LEADER 00000nam a2200000 4500
001 c132958
005 20221108124011.7
041 0 |a eng 
044 |a IT 
245 1 0 |a Price/wage staggering and persistence  |c Guido Ascari and Juan Angel Garcia 
264 1 |a San Domenico (FI)  |b European University Institute  |c 1999 
300 |a 38 s. 
490 1 |a EUI Working paper ECO  |v No. 99/6 
830 0 |a EUI Working paper ECO  |v No. 99/6 
610 2 0 |a ceny 
610 2 0 |a mzdy 
610 2 0 |a výroba 
610 2 0 |a modely 
610 2 0 |a cykly obchodné 
100 1 |a Ascari, Guido 
700 1 |a Garcia, Juan Angel